| 000 | 00443nam a22001697a 4500 | ||
|---|---|---|---|
| 005 | 20251021112654.0 | ||
| 008 | 251021b |||||||| |||| 00| 0 eng d | ||
| 020 | _a9788120813670 | ||
| 040 | _cILCL | ||
| 041 |
_2eng _aeng |
||
| 084 | _aR66 R2 | ||
| 100 |
_aMukherjee, Radhakamal _9848847 |
||
| 245 | _aAstavakragita - the song of the self supreme | ||
| 260 |
_aDelhi _bMotilal Banarasidass _c2022 |
||
| 300 | _a199p. | ||
| 942 |
_2CC _cTB |
||
| 999 |
_c1464884 _d1464884 |
||